Jāved nāmah / (Record no. 331746)

000 -LEADER
fixed length control field 01541cam a2200349 i 4500
001 - CONTROL NUMBER
control field 17703750
003 - CONTROL NUMBER IDENTIFIER
control field NUST
005 - DATE AND TIME OF LATEST TRANSACTION
control field 20171024101019.0
008 - FIXED-LENGTH DATA ELEMENTS--GENERAL INFORMATION
fixed length control field 130419s2008 pk 000 0 urd
010 ## - LIBRARY OF CONGRESS CONTROL NUMBER
LC control number 2013352422
020 ## - INTERNATIONAL STANDARD BOOK NUMBER
International Standard Book Number 9789694163956
025 ## - OVERSEAS ACQUISITION NUMBER
Overseas acquisition number P-U-2013352422; 15
037 ## - SOURCE OF ACQUISITION
Source of stock number/acquisition Library of Congress -- Islamabad Overseas Office
Terms of availability Rs 400.00
040 ## - CATALOGING SOURCE
Original cataloging agency DLC
Language of cataloging eng
Transcribing agency DLC
Description conventions rda
042 ## - AUTHENTICATION CODE
Authentication code lcode
-- pcc
050 00 - LIBRARY OF CONGRESS CALL NUMBER
Classification number PK2199.I65
Item number Z79347 2008
066 ## - CHARACTER SETS PRESENT
Alternate G0 or G1 character set (3
-- (4
082 ## - DEWEY DECIMAL CLASSIFICATION NUMBER
Classification number 891.55
Author Mark IQB
100 1# - MAIN ENTRY--PERSONAL NAME
Linkage 880-01
Personal name Iqbal, Muhammad
9 (RLIN) 9
245 10 - TITLE STATEMENT
Linkage 880-02
Title Jāved nāmah /
Statement of responsibility, etc. by Muhammad Iqbal, tarjuma Muzamillah Shafique
264 #1 - PRODUCTION, PUBLICATION, DISTRIBUTION, MANUFACTURE, AND COPYRIGHT NOTICE
Place of production, publication, distribution, manufacture Rawalpindi :
Name of producer, publisher, distributor, manufacturer Iqbal academy Pakistan,
Date of production, publication, distribution, manufacture, or copyright notice 2007.
300 ## - PHYSICAL DESCRIPTION
Extent 47 pages ;
Dimensions 22 cm
336 ## - CONTENT TYPE
Content type term text
Source rdacontent
337 ## - MEDIA TYPE
Media type term unmediated
Source rdamedia
338 ## - CARRIER TYPE
Carrier type term volume
Source rdacarrier
520 ## - SUMMARY, ETC.
Summary, etc. Critical study of Jāvednāmah, a poetic book of Muhammad Iqbal, 1877-1938.
546 ## - LANGUAGE NOTE
Language note In Urdu.
600 10 - SUBJECT ADDED ENTRY--PERSONAL NAME
Linkage 880-03
Personal name Iqbal, Muhammad,
Titles and other words associated with a name Sir,
Dates associated with a name 1877-1938.
Title of a work Jāvīdnāmah.
Language of a work Urdu.
9 (RLIN) 5575
880 1# - ALTERNATE GRAPHIC REPRESENTATION
Linkage 100-01/(3/r‏
Title محمد اقبال
880 10 - ALTERNATE GRAPHIC REPRESENTATION
Linkage 245-02/(3/r‏
Title ‏جاويد نامه
c محمد اقبال ، ترجمہ مزملّہ شفیق، تصاویر تبسم خالد، نگرانی خرم علی شفیق
880 14 - ALTERNATE GRAPHIC REPRESENTATION
Linkage 260-03/(3/r‏
Title لاہور
c اقبال اکیڈیمی پاکستان،
d 2007
906 ## - LOCAL DATA ELEMENT F, LDF (RLIN)
a 7
b cbc
c origode
d 3
e ncip
f 20
g y-nonroman
942 ## - ADDED ENTRY ELEMENTS (KOHA)
Source of classification or shelving scheme
Koha item type Book
Holdings
Withdrawn status Lost status Source of classification or shelving scheme Damaged status Not for loan Collection code Permanent Location Current Location Shelving location Date acquired Total Checkouts Full call number Barcode Date last seen Copy number Price effective from Koha item type
            Central Library (CL) Central Library (CL) Book Cart 10/24/2017   891.55 IQB CL2499 10/24/2017 1 10/24/2017 Book
            Central Library (CL) Central Library (CL) Urdu Literature 12/23/2019   891.55 IQB CL2135 12/23/2019 2 12/23/2019 Book
© 2023 Central Library, National University of Sciences and Technology. All Rights Reserved.